MARC details
| 000 -LEADER |
| fixed length control field |
01684cam a2200457 a 4500 |
| 001 - CONTROL NUMBER |
| control field |
sky201591080 |
| 003 - CONTROL NUMBER IDENTIFIER |
| control field |
SKY |
| 005 - DATE AND TIME OF LATEST TRANSACTION |
| control field |
20250118110815.0 |
| 008 - FIXED-LENGTH DATA ELEMENTS--GENERAL INFORMATION |
| fixed length control field |
140429s1999 nyua b 000 1 eng |
| 010 ## - LIBRARY OF CONGRESS CONTROL NUMBER |
| LC control number |
98089816 |
| 020 ## - INTERNATIONAL STANDARD BOOK NUMBER |
| International Standard Book Number |
9780786843176 |
| 020 ## - INTERNATIONAL STANDARD BOOK NUMBER |
| International Standard Book Number |
0786843179 |
| 024 1# - OTHER STANDARD IDENTIFIER |
| Standard number or code |
725961003999 |
| 040 ## - CATALOGING SOURCE |
| Original cataloging agency |
DLC |
| Transcribing agency |
DLC |
| Modifying agency |
DLC |
| -- |
SKYRV |
| Description conventions |
rda |
| 042 ## - AUTHENTICATION CODE |
| Authentication code |
lcac |
| 050 00 - LIBRARY OF CONGRESS CALL NUMBER |
| Classification number |
PZ7.G1277 |
| Item number |
Pq 1999 |
| 082 00 - DEWEY DECIMAL CLASSIFICATION NUMBER |
| Classification number |
[E] |
| Edition number |
21 |
| 100 1# - MAIN ENTRY--PERSONAL NAME |
| Personal name |
Gaines, Isabel. |
| Authority record control number |
(local)387679. |
| 245 10 - TITLE STATEMENT |
| Title |
Pooh's scavenger hunt / |
| Statement of responsibility, etc. |
by Isabel Gaines ; illustrated by Studio Orlando. |
| 264 #1 - PRODUCTION, PUBLICATION, DISTRIBUTION, MANUFACTURE, AND COPYRIGHT NOTICE |
| Place of production, publication, distribution, manufacture |
New York : |
| Name of producer, publisher, distributor, manufacturer |
Disney Press, |
| Date of production, publication, distribution, manufacture, or copyright notice |
[1999] |
| 264 #4 - PRODUCTION, PUBLICATION, DISTRIBUTION, MANUFACTURE, AND COPYRIGHT NOTICE |
| Date of production, publication, distribution, manufacture, or copyright notice |
℗♭1999. |
| 300 ## - PHYSICAL DESCRIPTION |
| Extent |
34 pages : |
| Other physical details |
color illustrations ; |
| Dimensions |
23 cm. |
| 336 ## - CONTENT TYPE |
| Content type term |
text |
| Content type code |
txt |
| Source |
rdacontent. |
| 337 ## - MEDIA TYPE |
| Media type term |
unmediated |
| Media type code |
n |
| Source |
rdamedia. |
| 338 ## - CARRIER TYPE |
| Carrier type term |
volume |
| Carrier type code |
nc |
| Source |
rdacarrier. |
| 490 1# - SERIES STATEMENT |
| Series statement |
Disney's a Winnie the Pooh first reader. |
| 500 ## - GENERAL NOTE |
| General note |
"Based on the Pooh stories by A.A. Milne"--T.p. verso. |
| 520 ## - SUMMARY, ETC. |
| Summary, etc. |
Pooh and his friends discover that working together is the greatest thing in the whole world. |
| 521 ## - TARGET AUDIENCE NOTE |
| Target audience note |
K-3. |
| 526 0# - STUDY PROGRAM INFORMATION NOTE |
| Program name |
Accelerated Reader AR |
| Interest level |
LG |
| Reading level |
2.3 |
| Title point value |
0.5 |
| Public note |
41874. |
| 650 #0 - SUBJECT ADDED ENTRY--TOPICAL TERM |
| Topical term or geographic name as entry element |
Friendship |
| Form subdivision |
Fiction. |
| Authority record control number |
(local)332180. |
| 650 #0 - SUBJECT ADDED ENTRY--TOPICAL TERM |
| Topical term or geographic name as entry element |
Winnie-the-Pooh (Fictitious character) |
| Form subdivision |
Fiction. |
| Authority record control number |
(local)382986. |
| 650 #1 - SUBJECT ADDED ENTRY--TOPICAL TERM |
| Topical term or geographic name as entry element |
Treasure hunt (Game) |
| Form subdivision |
Fiction. |
| Authority record control number |
(local)332343. |
| 650 #1 - SUBJECT ADDED ENTRY--TOPICAL TERM |
| Topical term or geographic name as entry element |
Teddy bears |
| Form subdivision |
Fiction. |
| Authority record control number |
(local)333179. |
| 650 #1 - SUBJECT ADDED ENTRY--TOPICAL TERM |
| Topical term or geographic name as entry element |
Toys |
| Form subdivision |
Fiction. |
| Authority record control number |
(local)332404. |
| 700 1# - ADDED ENTRY--PERSONAL NAME |
| Personal name |
Milne, A. A. |
| Fuller form of name |
(Alan Alexander), |
| Dates associated with a name |
1882-1956. |
| Title of a work |
Winnie-the-Pooh. |
| Authority record control number |
(local)385430. |
| 710 2# - ADDED ENTRY--CORPORATE NAME |
| Corporate name or jurisdiction name as entry element |
Studio Orlando. |
| Authority record control number |
(local)439213. |
| 830 #0 - SERIES ADDED ENTRY--UNIFORM TITLE |
| Uniform title |
Disney's Winnie the Pooh first readers. |
| Authority record control number |
(local)417814. |
| 907 ## - LOCAL DATA ELEMENT G, LDG (RLIN) |
| a |
.b443151398 |
| 942 ## - ADDED ENTRY ELEMENTS (KOHA) |
| Koha item type |
Libro/Book |